000 00646nmc a2200265 a 4500
003 AR-BaBNM
005 20251128204552.0
008 285019s1995 ||||||||||||||000 | spa||
020 _a950-843-117-2
040 _cAR-BaBNM
100 1 _aBlanco Amores de Pagella, Angela
245 1 0 _aVida y poesía
260 _aBuenos Aires
_bVinciguerra
_c1995
300 0 _a230 p.
490 0 _aColección Metáfora
650 4 _aPOETAS
650 4 _aPOESIA CONTEMPORANEA
650 4 _aLITERATURA ARGENTINA
650 4 _aPOESIA
650 4 _aAUTORES
650 4 _aCREACION ARTISTICA
655 _aLITERATURA
942 _cBK
998 _cEthel
999 _c7954
_d7954